El despido /

Suplementos y características especiales: ninguna.

Guardado en:
Bibliografiske detaljer
Hovedforfatter: Torre, Wilbert (autor)
Format: Bog
Sprog:spansk
Udgivet: México : Temas de Hoy, 2015, c2015
Fag:
Tags: Tilføj Tag
Ingen Tags, Vær først til at tagge denne postø!

MARC

LEADER 00000nam^a2200000^a^4500
001 000365806
005 20250521000000.0
009 20260310115653.945
037 |a Acervo ITESO - Biblioteca 
041 |a ESP 
082 |a 322. 31  |b TOR 
100 |a Torre, Wilbert  |e (autor) 
245 1 3 |a El despido /  |c W. Torre 
246 2 |a Título en la cubierta: El despido: la verdad detrás de la salida de Carmen Aristegui del noticiero más escuchado en México 
264 4 |a México :  |b Temas de Hoy,  |c 2015, c2015 
300 |a 204 p. 
336 |a texto  |b txt  |2 rdacontenido 
337 |a sin mediación  |b n  |2 rdamedio 
338 |a volumen  |b nc  |2 rdasoporte 
520 |a Suplementos y características especiales: ninguna. 
649 |a XX 
650 |a Periodistas Mexicanos 
650 |a Libertad de Expresión -  |z México 
650 |a Censura -  |z México -  |x Historia 
650 |a Medios de Comunicación y Estado -  |z México -  |x Historia 
650 |a Comunicación Masiva -  |z México -  |x Historia 
650 |a Comunicación y Política -  |z México -  |x Historia -  |y 2012-2018 -  |x Tema Principal 
650 |a Comunicación y Política -  |z México -  |x Historia -  |y Siglo XXI 
650 |a México -  |x Condiciones Políticas 
650 |a Política -  |z México -  |x Historia -  |y 2012-2018 
650 |a Política -  |z México -  |x Historia -  |y Siglo XXI 
650 |a Aristegui, Carmen -  |x Tema Principal 
910 |a Fondo General 
920 |a Impresos - Libros 
930 |a Colección General 
905 |a 101 
901 |a 0500259556  |b IT1  |c ACC  |i C149490  |u 20250521 
902 |a https://opac.biblio.iteso.mx/vufind/Record/000365806